=LDR 00000nam 2200000 4500 =001 INLIS000000000015515 =005 20130612110808 =008 ***********************************Indo** =035 ##$$0010-061300000015515 =041 ##$$a Indo =082 ##$$a R.530.3 =090 ##$$a R.530.3, Yoh =100 ##$$a Yohannes,H.C =245 ##$$a Kamus Fisika Elektronika-Opto-Elektronika, H.C.Yohannes Adhi Susanto,Dad Murniah =260 ##$$a 1996 $b Jakarta =300 ##$$a v 186 hlm, 21 cm =650 ##$$a Fisika-Kamus =850 ##$$a NBPNMAT